<?xml version="1.0" encoding="UTF-8"?>
<marc:record xmlns:marc="http://www.loc.gov/MARC21/slim">
   <marc:leader>00000nam a2200000 a 4500</marc:leader>
   <marc:datafield ind1="1" ind2=" " tag="100">
      <marc:subfield code="a">Berrached, Anna Zora</marc:subfield>
      <marc:subfield code="4">aut</marc:subfield>
      <marc:subfield code="e">Verfasser/-in</marc:subfield>
   </marc:datafield>
   <marc:datafield ind1=" " ind2=" " tag="653">
      <marc:subfield code="a">Kind</marc:subfield>
   </marc:datafield>
   <marc:datafield ind1=" " ind2=" " tag="653">
      <marc:subfield code="a">Schwangerschaft</marc:subfield>
   </marc:datafield>
   <marc:datafield ind1=" " ind2=" " tag="653">
      <marc:subfield code="a">Behinderung</marc:subfield>
   </marc:datafield>
   <marc:datafield ind1=" " ind2=" " tag="653">
      <marc:subfield code="a">Down-Syndrom</marc:subfield>
   </marc:datafield>
   <marc:datafield ind1=" " ind2=" " tag="653">
      <marc:subfield code="a">Abtreibung</marc:subfield>
   </marc:datafield>
   <marc:datafield ind1=" " ind2=" " tag="653">
      <marc:subfield code="a">Filmpreis</marc:subfield>
   </marc:datafield>
   <marc:datafield ind1=" " ind2=" " tag="653">
      <marc:subfield code="a">Behinderung &lt;Geistige&gt;</marc:subfield>
   </marc:datafield>
   <marc:datafield ind1="0" ind2="0" tag="245">
      <marc:subfield code="a">24 Wochen</marc:subfield>
   </marc:datafield>
   <marc:datafield ind1=" " ind2="1" tag="264">
      <marc:subfield code="b">good!movies</marc:subfield>
      <marc:subfield code="c">2017</marc:subfield>
   </marc:datafield>
   <marc:datafield ind1="1" ind2=" " tag="520">
      <marc:subfield code="a">Der Berlinale-Überraschungserfolg 2016: Astrid und Markus stehen mit beiden Beinen fest im Leben. Astrid lebt und liebt ihren Beruf als Kabarettistin, ihr Mann und Manager Markus unterstützt sie besonnen und liebevoll. Doch als die beiden ihr zweites Kind erwarten, wird ihr Leben aus der Bahn geworfen: Bei einer Routineuntersuchung erfahren sie, dass das Baby schwer krank ist. Im Staffellauf zwischen Diagnosen und Ratschlägen stößt ihre Beziehung an ihre Grenzen. Die Suche nach der richtigen Antwort stellt alles in Frage: die Beziehung, den Wunsch nach einem Kind, ein Leben nach Plan. Je mehr Zeit vergeht, desto klarer erkennen sie, dass nichts und niemand ihnen die Entscheidung abnehmen kann, die eine Entscheidung über Tod und Leben ist. (Verlagstext) 
</marc:subfield>
   </marc:datafield>
   <marc:datafield ind1="3" ind2=" " tag="024">
      <marc:subfield code="a">4015698008050</marc:subfield>
   </marc:datafield>
</marc:record>
